00687nam a2200169 a 450000100100000000500170001000800410002704000250006810000260009324501620011925000130028126000460029430000270034059000280036795201050039599900170050000003417320200930070834.0110926s2017 dr a 000 spa d aDO-SdBNPbspacBNPHU10aVergés, Luis94329000aDesafiando las barreras mentales del éxito y la felicidad:. :bel método para retar los obstáculos que impiden el desarrollo personal /cLuis Vergés. a2da. ed. aSanto Domingo, :bAmigo del Hogar,c2017. a273 p. :bil ;c24 cm. aInventariado, 2020 / DG 0010718PDaGRbGRcHDd2011-09-26iLF1l0o p34173-10r2020-06-25w2020-06-25yLFPDZNo se presta c33664d33664